| 000 | 00461nam a2200145Ia 4500 | ||
|---|---|---|---|
| 999 |
_c16438 _d16438 |
||
| 082 | _a614.54609548 BRU-; | ||
| 100 | _aBruin, Hanne M.de | ||
| 245 | 0 | _aLeprosy in south India stigma and strategies of coping | |
| 260 |
_aPondichery _bInstitut Francais de Pondichery _c1996 |
||
| 300 | _a103p. | ||
| 440 | _aPondy paper in social sciences; 22 | ||
| 650 | _aLepers - Social conditions - India, South | ||
| 650 | _aLeprosy - Research - India, South | ||
| 942 | _cBK | ||